| 000 | 00345nam a22001337a 4500 | ||
|---|---|---|---|
| 008 | 250303b |||||||| |||| 00| 0 eng d | ||
| 020 | _a9780190864217 | ||
| 050 |
_aQC861.3 _b.L68 |
||
| 100 | _aLovejoy Shaun | ||
| 245 | _aWeather Macro Wealths and the Climate | ||
| 260 |
_aUSA _bOxford University Press _c2019 |
||
| 300 | _axvi,334p | ||
| 942 | _cBK | ||
| 999 |
_c2038 _d2038 |
||